000 00923nam0a22002891 4500
001 v19\rc\1709957
005 20250619033447.0
035 _a(NLR Aleph) 004809980
090 _a4918177
_c4918177
100 _a20061002d1899 |||y0rusy50 ca
101 0 _arus
102 _aRU
105 _aa z |||c|
200 1 _aГеологические и сельско-хозяйственные нивеллиры
_eКрат. очерк П.В. Отоцкого
210 _aСанкт-Петербург
_cтип. Мор. м-ва
_d1899
215 _a8 с.
_cил.
_d25
700 1 _aОтоцкий
_bП.В.
_f1866-1934
_gПавел Владимирович
801 0 _aRU
_bNLR
_gpsbo
801 0 _aRU
_bRuMoRGB
_2psbo
801 1 _aRU
_bProSoft-M
_2rusmarc
852 _aNLR
_j20.100.4.166
899 _aRuMoRGB
_jA 256/926
899 _aБАН
899 _aНБ СПбГУ
899 _aНБ МГУ
942 _cBOOK
980 _aNB